[Event "5th EuroChamp"]
[Site "?"]
[Date "2004.05.17"]
[Round "3.11"]
[White "Nyback, Tomi"]
[Black "Asrian, Karen"]
[Result "1-0"]
[WhiteElo "2545"]
[BlackElo "2605"]
[PlyCount "83"]
[EventDate "2004.??.??"]

1. d4 d5 2. c4 e6 3. Nf3 Nf6 4. Nc3 c6 5. Bg5 Nbd7 6. e3 Qa5 7. cxd5 Nxd5 8.
Qd2 Bb4 9. Rc1 h6 10. Bh4 c5 11. a3 Bxc3 12. bxc3 b6 13. Bd3 Ba6 14. O-O N7f6
15. e4 Bxd3 16. Qxd3 cxd4 17. cxd4 O-O 18. Bxf6 Nxf6 19. Ne5 Qa4 20. Nc6 Rfe8
21. Rc3 b5 22. Rb1 a5 23. f3 b4 24. axb4 axb4 25. Rxb4 Qa6 26. Qxa6 Rxa6 27.
Rc2 Rea8 28. Ne5 Ne8 29. Rb7 Nd6 30. Rd7 f6 31. Nc6 Ra1+ 32. Kf2 R1a2 33. Rxa2
Rxa2+ 34. Kg3 Nc4 35. Nd8 Ne3 36. Nxe6 Rxg2+ 37. Kf4 Nc4 38. h4 h5 39. e5 fxe5+
40. dxe5 g6 41. Ng5 Nb6 42. Rd6 1-0

[Event "5th EuroChamp"]
[Site "?"]
[Date "2004.05.17"]
[Round "3.12"]
[White "Chatalbashev, Boris"]
[Black "Miroshnichenko, Evgenij"]
[Result "0-1"]
[WhiteElo "2543"]
[BlackElo "2599"]
[PlyCount "98"]
[EventDate "2004.??.??"]

1. d4 Nf6 2. c4 g6 3. Nc3 Bg7 4. e4 O-O 5. Bd3 Nc6 6. Nge2 e5 7. d5 Nd4 8. O-O
d6 9. Bg5 c6 10. Qd2 Qb6 11. Rab1 a5 12. Kh1 Re8 13. f4 h6 14. Bh4 Nxe2 15.
Nxe2 Qd8 16. f5 gxf5 17. exf5 cxd5 18. cxd5 e4 19. Bc2 Re5 20. Ng3 e3 21. Qe2
Qe8 22. Bxf6 Bxf6 23. Nh5 Qe7 24. Rf3 Bd7 25. Re1 Kh8 26. Rh3 Re8 27. Ng3 Qf8
28. Qf3 Qg7 29. Rh5 Bg5 30. h4 Bf6 31. Qf4 Rxd5 32. Rxh6+ Kg8 33. Nh5 Be5 34.
Qxe3 Qg4 35. Qg5+ Qxg5 36. hxg5 Bxb2 37. Rxe8+ Bxe8 38. g6 Rc5 39. f6 fxg6 40.
Bxg6 Bc1 41. Bxe8 Bxh6 42. f7+ Kf8 43. Nf6 Rf5 44. Ne4 Rf4 45. Nc3 Rc4 46. Nd5
Rc5 47. Nf6 Rf5 48. Ne4 d5 49. Nc5 Rh5+ 0-1

[Event "5th EuroChamp"]
[Site "?"]
[Date "2004.05.17"]
[Round "3.15"]
[White "Nedev, Trajce"]
[Black "Sargissian, Gabriel"]
[Result "1/2-1/2"]
[WhiteElo "2489"]
[BlackElo "2614"]
[PlyCount "61"]
[EventDate "2004.??.??"]

1. e4 e5 2. Nf3 Nc6 3. d4 exd4 4. Nxd4 Bc5 5. Be3 Qf6 6. c3 Nge7 7. Bc4 Ne5 8.
Be2 Qg6 9. O-O d6 10. f3 O-O 11. Nd2 d5 12. Kh1 dxe4 13. fxe4 Bg4 14. Rf4 Bxe2
15. Qxe2 Qa6 16. Qh5 N7g6 17. Rf5 Rfe8 18. Rg5 Rad8 19. Rg3 Bxd4 20. cxd4 Nc4
21. Rh3 h6 22. Nb3 Qc6 23. e5 Qe4 24. Re1 b6 25. Bd2 Qd5 26. Bxh6 gxh6 27. Qxh6
Ncxe5 28. Qh7+ Kf8 29. Qh6+ Kg8 30. Qh7+ Kf8 31. Qh6+ 1/2-1/2

[Event "5th EuroChamp"]
[Site "?"]
[Date "2004.05.17"]
[Round "3.20"]
[White "Gashimov, Vugar"]
[Black "Thorfinnsson, Bjorn"]
[Result "1-0"]
[WhiteElo "2565"]
[BlackElo "2345"]
[PlyCount "69"]
[EventDate "2004.??.??"]

1. e4 e5 2. Nf3 Nc6 3. Bb5 Nge7 4. Nc3 d6 5. O-O Bd7 6. Re1 g6 7. d4 Bg7 8. Bg5
h6 9. Bxc6 Bxc6 10. Be3 O-O 11. Qd2 Kh7 12. Rad1 f5 13. dxe5 dxe5 14. Bc5 Qxd2
15. Nxd2 Rfe8 16. Nc4 b6 17. Bxe7 Rxe7 18. exf5 gxf5 19. Nd5 Rd7 20. Nxe5 Rxd5
21. Nxc6 Re8 22. c3 Rd2 23. g3 Rxe1+ 24. Rxe1 Rxb2 25. Re7 Rxa2 26. Rxc7 Kg6
27. Ne7+ Kg5 28. h4+ Kg4 29. Ng6 Bf6 30. Rc6 Bg7 31. Kg2 f4 32. Nxf4 Be5 33.
Nd5 Kf5 34. Kf3 Bg7 35. Nf4 1-0

[Event "5th EuroChamp"]
[Site "?"]
[Date "2004.05.17"]
[Round "3.21"]
[White "Hulak, Krunoslav"]
[Black "Kose, Serkan"]
[Result "1-0"]
[WhiteElo "2550"]
[BlackElo "2244"]
[PlyCount "57"]
[EventDate "2004.??.??"]

1. d4 d5 2. c4 e6 3. Nc3 Nf6 4. Bg5 Be7 5. e3 O-O 6. Rc1 c6 7. Nf3 h6 8. Bh4
Nbd7 9. Bd3 dxc4 10. Bxc4 b5 11. Bd3 Bb7 12. O-O a6 13. Bxf6 Nxf6 14. Ne4 Rc8
15. Bb1 Nxe4 16. Bxe4 f5 17. Bc2 c5 18. dxc5 Bxc5 19. Bb3 Qb6 20. Nd4 Rf6 21.
Nxe6 Kh7 22. Qd7 Rg6 23. Nf4 Rf6 24. Ne6 Rg6 25. g3 Rb8 26. Nxc5 Bc8 27. Qe7
Rf6 28. Rfd1 f4 29. Nd7 1-0

[Event "5th EuroChamp"]
[Site "?"]
[Date "2004.05.17"]
[Round "3.22"]
[White "Mazi, Leon"]
[Black "Parligras, Mircea"]
[Result "0-1"]
[WhiteElo "2417"]
[BlackElo "2549"]
[PlyCount "106"]
[EventDate "2004.??.??"]

1. e4 c5 2. Nf3 d6 3. d4 cxd4 4. Nxd4 Nf6 5. Nc3 e6 6. Bg5 Be7 7. Qd2 a6 8. f3
b5 9. h4 Bb7 10. O-O-O Nbd7 11. Kb1 Rc8 12. g4 Nb6 13. Bd3 Nc4 14. Qe1 Qc7 15.
Bxc4 Qxc4 16. Rh2 h6 17. Bc1 Nd7 18. Re2 Nb6 19. a3 b4 20. axb4 Qxb4 21. g5
hxg5 22. hxg5 g6 23. f4 Nc4 24. Rd3 a5 25. Ncb5 Ba6 26. b3 Qxe1 27. Rxe1 Nb6
28. c4 a4 29. Na7 Ra8 30. Ndb5 Kf8 31. Nc6 axb3 32. Nxe7 Kxe7 33. Bb2 Nxc4 34.
Bf6+ Kd7 35. Bxh8 Rxh8 36. Nxd6 Na3+ 37. Kb2 Bxd3 38. Nxf7 Nc4+ 39. Kxb3 Rh3
40. Kb4 Ke7 41. Nh6 Nd6 42. Ng8+ Kf7 43. Nf6 e5 44. fxe5 Nxe4 45. Nd5 Nxg5 46.
Kc5 Bf5 47. Ra1 Ne6+ 48. Kd6 Rd3 49. Ra7+ Kf8 50. Ra4 g5 51. Kc6 g4 52. Nf4
Nxf4 53. Rxf4 Rf3 0-1

[Event "5th EuroChamp"]
[Site "?"]
[Date "2004.05.17"]
[Round "3.23"]
[White "Iotov, Valentin"]
[Black "Petrosian, Tigran"]
[Result "1-0"]
[WhiteElo "2342"]
[BlackElo "2539"]
[PlyCount "75"]
[EventDate "2004.??.??"]

1. d4 Nf6 2. c4 g6 3. Nc3 d5 4. Bf4 Bg7 5. e3 c5 6. dxc5 Qa5 7. Rc1 dxc4 8.
Bxc4 O-O 9. Nge2 Qxc5 10. Qb3 Nc6 11. Nb5 Qh5 12. Ng3 Qh4 13. Nc7 e5 14. Bxe5
Nxe5 15. Nxa8 Bd7 16. Nc7 Bc6 17. Nd5 Nxd5 18. Bxd5 Bxd5 19. Qxd5 Rd8 20. Qxb7
Nd3+ 21. Ke2 Qf6 22. Ne4 Qe6 23. f3 f5 24. Ng5 Nf4+ 25. Kf2 Nd3+ 26. Kf1 Qxa2
27. Rc8 Bf6 28. Qxh7+ Kf8 29. Rxd8+ Bxd8 30. Qh8+ Ke7 31. Qg7+ Ke8 32. Qxg6+
Ke7 33. Qg7+ Ke8 34. Qh8+ Ke7 35. Ke2 Nxb2 36. Qe5+ Kd7 37. Qxf5+ Ke7 38. f4
1-0

[Event "5th EuroChamp"]
[Site "?"]
[Date "2004.05.17"]
[Round "3.24"]
[White "Smeets, Jan"]
[Black "Aleskerov, Faik"]
[Result "1-0"]
[WhiteElo "2531"]
[BlackElo "2167"]
[PlyCount "45"]
[EventDate "2004.??.??"]

1. e4 d5 2. exd5 Qxd5 3. Nc3 Qa5 4. d4 Nf6 5. Nf3 Bf5 6. Bd2 e6 7. Bc4 c6 8.
Qe2 Bb4 9. O-O-O O-O 10. Ne5 Nd5 11. g4 Bxc3 12. Bxc3 Nxc3 13. bxc3 Bg6 14. Kb2
c5 15. h4 b5 16. Bb3 c4 17. h5 cxb3 18. cxb3 Rc8 19. hxg6 hxg6 20. Qf3 f6 21.
Nxg6 Kf7 22. d5 Qxc3+ 23. Qxc3 1-0

[Event "5th EuroChamp"]
[Site "?"]
[Date "2004.05.17"]
[Round "3.25"]
[White "Goksel, Doga Cihan"]
[Black "Pashikian, Arman"]
[Result "0-1"]
[WhiteElo "2130"]
[BlackElo "2466"]
[PlyCount "70"]
[EventDate "2004.??.??"]

1. Nf3 d5 2. d4 e6 3. c4 c5 4. cxd5 exd5 5. Nc3 Nc6 6. g3 Nf6 7. Bg2 Be7 8. O-O
O-O 9. Bg5 cxd4 10. Nxd4 h6 11. Be3 Re8 12. Rc1 Bf8 13. Na4 Ne5 14. b3 Bg4 15.
h3 Bh5 16. Kh2 Ba3 17. Ra1 a6 18. Nc2 Bd6 19. Kg1 Qe7 20. Qd2 Rad8 21. Nc3 Nc6
22. Rfe1 Be5 23. Bb6 Rd7 24. Rac1 d4 25. Na4 Nd5 26. Bc5 Qd8 27. Nxd4 Nxd4 28.
Bxd4 Nf4 29. e3 Ne2+ 30. Rxe2 Bxd4 31. Qe1 Bxe2 32. Qxe2 Ba7 33. Nc3 Rd2 34.
Qf3 Rxf2 35. Qxb7 Rxg2+ 0-1

[Event "5th EuroChamp"]
[Site "?"]
[Date "2004.05.17"]
[Round "3.26"]
[White "Bente, Bjoern"]
[Black "Klinova, Masha"]
[Result "1/2-1/2"]
[WhiteElo "2219"]
[BlackElo "2436"]
[PlyCount "58"]
[EventDate "2004.??.??"]

1. d4 d6 2. Nf3 Nf6 3. c4 Nbd7 4. Nc3 e5 5. e4 Be7 6. Be2 O-O 7. O-O a5 8. b3
h6 9. Qc2 Re8 10. dxe5 dxe5 11. Rd1 Bf8 12. h3 c6 13. Be3 Qc7 14. Na4 b6 15.
Rac1 Bb7 16. Qb1 Rad8 17. c5 b5 18. Nb2 Nb8 19. a4 Rxd1+ 20. Rxd1 Ba6 21. Bf1
Qb7 22. Qc2 bxa4 23. Nxa4 Bxf1 24. Rxf1 Qb4 25. Nd2 Na6 26. Nc4 Nxc5 27. Nxc5
Bxc5 28. Bd2 Qb5 29. Bxa5 Bb4 1/2-1/2

[Event "5th EuroChamp"]
[Site "?"]
[Date "2004.05.17"]
[Round "3.27"]
[White "Jonkman, Harmen"]
[Black "Mamedjarova, Zeinab"]
[Result "1-0"]
[WhiteElo "2421"]
[BlackElo "2343"]
[PlyCount "123"]
[EventDate "2004.??.??"]

1. e4 d5 2. exd5 Nf6 3. d4 Nxd5 4. Nf3 Bg4 5. Be2 e6 6. h3 Bh5 7. Ne5 Bxe2 8.
Qxe2 c6 9. O-O Be7 10. c4 Nf6 11. Rd1 O-O 12. Nc3 Nbd7 13. Bg5 Nb6 14. Rd3 Nfd7
15. Bxe7 Qxe7 16. b3 Rad8 17. Rad1 Nf6 18. h4 Nfd7 19. g3 Rfe8 20. Ne4 Nc8 21.
Qh5 f6 22. Nxd7 Rxd7 23. Re3 Qf7 24. Qf3 Nd6 25. Nc5 Rde7 26. g4 Qg6 27. Qg3 b6
28. Nd3 Nb7 29. Rde1 Qf7 30. Re4 Rd7 31. Nf4 Nd8 32. Qe3 Rde7 33. Kh1 h6 34. h5
Kh7 35. f3 Kg8 36. Ng6 Rd7 37. Qf4 c5 38. Qe3 cxd4 39. Rxd4 Rxd4 40. Qxd4 Qb7
41. Kg2 Nf7 42. Qe3 Ng5 43. Rd1 Kh7 44. Rd6 Rc8 45. Qd3 f5 46. gxf5 exf5 47.
Qxf5 Re8 48. Rd7 Qa8 49. Ne5+ Kh8 50. Qg6 Rg8 51. Qd3 Re8 52. Ng6+ Kg8 53. Qc3
Ne6 54. Ne7+ Kh7 55. Nf5 Kh8 56. Rxg7 Rg8 57. Rxg8+ Kxg8 58. Nxh6+ Kh7 59. Qf6
Qe8 60. Ng4 Qc6 61. Qf7+ Kh8 62. Ne5 1-0

[Event "5th EuroChamp"]
[Site "?"]
[Date "2004.05.17"]
[Round "3.29"]
[White "Grunberg, Mihai"]
[Black "Esen, Baris"]
[Result "1-0"]
[WhiteElo "2401"]
[BlackElo "2262"]
[PlyCount "102"]
[EventDate "2004.??.??"]

1. Nf3 Nf6 2. c4 e6 3. g3 a6 4. Bg2 b5 5. cxb5 axb5 6. Nd4 c6 7. Nb3 d5 8. d4
Nbd7 9. Qc2 Bb7 10. Bf4 h6 11. O-O Qb6 12. Rc1 b4 13. Nc5 Nxc5 14. dxc5 Qb5 15.
a4 bxa3 16. Rxa3 Rxa3 17. Nxa3 Qa6 18. Ra1 Be7 19. b4 O-O 20. Be5 Nd7 21. Nb1
Nxe5 22. Rxa6 Bxa6 23. Nc3 Ra8 24. Bf1 Bc4 25. Na4 Bb5 26. Nb6 Nf3+ 27. exf3
Ra1 28. h4 Bf6 29. Qd2 Rxf1+ 30. Kg2 Ra1 31. Nd7 Be7 32. Qf4 Ra8 33. Qc7 Bf6
34. g4 Bc3 35. g5 hxg5 36. hxg5 g6 37. Qh2 Rd8 38. Nf6+ Kf8 39. Qc7 Ra8 40. f4
Kg7 41. Ng4 Bd4 42. Qe7 Be2 43. Nf6 Bb5 44. Ng4 Be2 45. Qb7 Rf8 46. Nf6 Bb5 47.
Nd7 Rd8 48. Nb8 Rxb8 49. Qxb8 Bc3 50. Kf3 Bd4 51. Kg3 Bc3 1-0

[Event "5th EuroChamp"]
[Site "?"]
[Date "2004.05.17"]
[Round "3.30"]
[White "Erdogdu, Mert"]
[Black "Makoli, Perparim"]
[Result "1-0"]
[WhiteElo "2369"]
[BlackElo "2228"]
[PlyCount "45"]
[EventDate "2004.??.??"]

1. e4 c5 2. Nf3 e6 3. d4 cxd4 4. Nxd4 Nf6 5. Nc3 d6 6. g4 Be7 7. Be3 h6 8. f3
Nc6 9. Qd2 d5 10. Bb5 Bd7 11. exd5 exd5 12. O-O-O O-O 13. h4 Ne5 14. Be2 Nc4
15. Bxc4 dxc4 16. g5 Nh5 17. Rhg1 Qa5 18. Kb1 Rfd8 19. gxh6 g6 20. Bg5 Re8 21.
Bxe7 Rxe7 22. Rg5 Qd8 23. Rxh5 1-0

[Event "5th EuroChamp"]
[Site "?"]
[Date "2004.05.17"]
[Round "3.33"]
[White "Erturan, Yakup"]
[Black "Haznedaroglu, Kivanc"]
[Result "1-0"]
[WhiteElo "2273"]
[BlackElo "2395"]
[PlyCount "133"]
[EventDate "2004.??.??"]

1. e4 c5 2. Nc3 Nc6 3. f4 g6 4. Nf3 Bg7 5. Bb5 Nd4 6. O-O e6 7. Nxd4 cxd4 8.
Ne2 Ne7 9. Kh1 a6 10. Bd3 f5 11. exf5 exf5 12. c3 dxc3 13. dxc3 O-O 14. Be3 b5
15. Qb3+ Kh8 16. a4 Bb7 17. axb5 axb5 18. Qxb5 Bc6 19. Qb3 Nd5 20. Bg1 Rxa1 21.
Rxa1 Qh4 22. Bb5 Nxf4 23. Nxf4 Qxf4 24. Bxc6 dxc6 25. Qb7 Qe4 26. Ra7 Rg8 27.
Ra6 g5 28. Qxc6 Qc2 29. Ra8 h6 30. Rxg8+ Kxg8 31. Qc8+ Kh7 32. b4 f4 33. b5
Qxc3 34. Qf5+ Kg8 35. b6 Qc6 36. h3 Bf8 37. Qd3 Kh8 38. Qb3 Qb7 39. Qc3+ Kg8
40. Qc4+ Qf7 41. Qxf7+ Kxf7 42. b7 Bd6 43. Ba7 Ke6 44. b8=Q Bxb8 45. Bxb8 Kf5
46. Kg1 g4 47. Kf2 h5 48. h4 Ke4 49. Bc7 Kf5 50. Ke2 Ke4 51. Bd6 Kf5 52. Be7
Ke6 53. Bg5 Kf5 54. Kd3 Ke5 55. Be7 Kd5 56. Bg5 Ke5 57. Bd8 Kf5 58. Bc7 g3 59.
Ke2 Kg4 60. Bd8 f3+ 61. gxf3+ Kh3 62. Kf1 Kh2 63. Bc7 Kh1 64. Ke2 g2 65. Bb6
Kh2 66. f4 Kh3 67. f5 1-0

[Event "5th EuroChamp"]
[Site "?"]
[Date "2004.05.17"]
[Round "3.34"]
[White "Yeke, Serkan"]
[Black "Bakalarz, Mieczyslaw"]
[Result "1-0"]
[WhiteElo "2238"]
[BlackElo "2333"]
[PlyCount "159"]
[EventDate "2004.??.??"]

1. Nf3 Nf6 2. c4 g6 3. Nc3 Bg7 4. e4 e5 5. Nxe5 Nxe4 6. Nxe4 Bxe5 7. d4 Bg7 8.
Bg5 f6 9. Be3 O-O 10. Qd2 d5 11. Nc3 dxc4 12. Bxc4+ Kh8 13. O-O-O Nc6 14. h4 h5
15. Ne2 Kh7 16. Nf4 Qd6 17. f3 Qb4 18. Qc2 Bf5 19. Bd3 Nxd4 20. Bxd4 Qxd4 21.
Nxg6 Qe3+ 22. Kb1 Bxg6 23. Bxg6+ Kh8 24. Rhe1 Qf4 25. Rd5 f5 26. Rxf5 Rxf5 27.
Qxf5 Qxf5+ 28. Bxf5 Bf6 29. g3 Rd8 30. Kc2 Kg7 31. Re2 c5 32. b3 b5 33. Bd3 Rb8
34. Re6 c4 35. bxc4 bxc4 36. Bxc4 Rb2+ 37. Kd3 Rg2 38. Ra6 Rxg3 39. Rxa7+ Kg6
40. Bf7+ Kh6 41. Ke4 Bxh4 42. Ra6+ Kg7 43. Bxh5 Rg5 44. Bg4 Be1 45. Bf5 Rg2 46.
Ke5 Bg3+ 47. Ke6 Rd2 48. Be4 Kh6 49. Kf5+ Bd6 50. a4 Kh5 51. Ra7 Kh4 52. a5 Ra2
53. a6 Ra5+ 54. Ke6 Bc5 55. Ra8 Kg3 56. Kd7 Kf4 57. Rc8 Be3 58. Rf8+ Kg3 59.
Bb7 Ra1 60. Kc7 Ra2 61. Kb8 Ra1 62. Rf7 Ra2 63. Re7 Bc5 64. Re4 Bd6+ 65. Kc8
Bc5 66. Rg4+ Kh3 67. Rg6 Be3 68. Rg7 Ra1 69. f4 Rc1+ 70. Kd8 Bb6+ 71. Ke8 Rc5
72. Rg5 Rc2 73. f5 Kh4 74. Rg6 Bd4 75. f6 Kh5 76. Rg2 Rc1 77. f7 Re1+ 78. Kd7
Rf1 79. Bd5 Kh6 80. Rg8 1-0

[Event "5th EuroChamp"]
[Site "?"]
[Date "2004.05.17"]
[Round "3.35"]
[White "Yilmaz, Turhan"]
[Black "Mamedjarova, Turkan"]
[Result "1-0"]
[WhiteElo "2311"]
[BlackElo "2191"]
[PlyCount "116"]
[EventDate "2004.??.??"]

1. b3 d5 2. Bb2 Nf6 3. f4 Bf5 4. Nf3 e6 5. e3 Be7 6. Be2 O-O 7. Nh4 Ne4 8. Nxf5
exf5 9. O-O Bf6 10. c3 Re8 11. Bf3 c6 12. Na3 Nd7 13. Nc2 Ndc5 14. Qe2 Ne6 15.
g3 c5 16. Qg2 c4 17. bxc4 dxc4 18. Nd4 Nxd4 19. exd4 Qb6 20. Rab1 Qa5 21. Bc1
Qxa2 22. Rxb7 Rad8 23. Rc7 Nd6 24. Bd5 Rc8 25. Rc6 Rxc6 26. Bxc6 Rb8 27. Re1 h6
28. Qd5 Ne4 29. Bb5 Nxd2 30. Be8 Ne4 31. Bxf7+ Kh8 32. Be3 Nxc3 33. Qxf5 Ne2+
34. Kh1 Nxd4 35. Bxd4 Bxd4 36. Qd7 Rf8 37. Re8 Qb1+ 38. Kg2 Bc5 39. Bxc4 Qc2+
40. Be2 Qg6 41. Rxf8+ Bxf8 42. Qxa7 Qe4+ 43. Bf3 Qc2+ 44. Kh3 Qf5+ 45. Bg4 Qb5
46. Qf7 Qb8 47. Bf5 Bb4 48. Qg6 Qg8 49. Kg4 Be7 50. h4 Bd8 51. Kh3 Be7 52. Be4
Qc8+ 53. Bf5 Qg8 54. Kg4 Bd8 55. Kh5 Bc7 56. Be4 Bb8 57. Bd3 Qd5+ 58. Bf5 Kg8
1-0

[Event "5th EuroChamp"]
[Site "?"]
[Date "2004.05.17"]
[Round "3.36"]
[White "Demirel, Tolga"]
[Black "Karadeniz, Emre"]
[Result "1/2-1/2"]
[WhiteElo "2183"]
[BlackElo "2310"]
[PlyCount "106"]
[EventDate "2004.??.??"]

1. d4 e6 2. c4 c5 3. d5 exd5 4. cxd5 d6 5. Nc3 g6 6. e4 Bg7 7. h3 a6 8. a4 Ne7
9. Nf3 h6 10. Bd3 O-O 11. O-O g5 12. g4 Ng6 13. Ne2 Nd7 14. Ng3 Nde5 15. Nh5
Nxf3+ 16. Qxf3 Be5 17. Qe2 Nf4 18. Nxf4 gxf4 19. Ra3 Bd7 20. a5 Qf6 21. Rb3
Rab8 22. Bc4 Kh8 23. f3 Rg8 24. Kh1 h5 25. Bd2 Rg7 26. Rf2 Rh7 27. Rh2 hxg4 28.
fxg4 Rg8 29. Qf2 Qg6 30. Qf3 f5 31. exf5 Bxf5 32. Bd3 Bxd3 33. Rxd3 c4 34. Rc3
Qb1+ 35. Rc1 Qxb2 36. Bxf4 Qd4 37. Bxe5+ Qxe5 38. Qc3 Qxc3 39. Rxc3 Rc7 40.
Rhc2 Rgc8 41. Kg2 Rc5 42. h4 Kg7 43. Kf3 Rxa5 44. Rxc4 Rf8+ 45. Kg2 Kg6 46. Rb4
Rxd5 47. Rxb7 Rd4 48. h5+ Kg5 49. Rg7+ Kh4 50. Rf2 Rb8 51. h6 Rxg4+ 52. Rxg4+
Kxg4 53. Rd2 Rd8 1/2-1/2

[Event "5th EuroChamp"]
[Site "?"]
[Date "2004.05.17"]
[Round "3.37"]
[White "Ersahin, Bulent"]
[Black "Bayram, Yakup"]
[Result "0-1"]
[WhiteElo "2070"]
[BlackElo "2292"]
[PlyCount "134"]
[EventDate "2004.??.??"]

1. e4 e5 2. Nf3 Nf6 3. Nxe5 d6 4. Nf3 Nxe4 5. d4 d5 6. Bd3 Nc6 7. O-O Be7 8.
Re1 Bg4 9. c3 f5 10. Nbd2 O-O 11. Qb3 Kh8 12. c4 Nxd2 13. Nxd2 Bh4 14. cxd5
Bxf2+ 15. Kxf2 Qh4+ 16. Kf1 Rae8 17. Rxe8 Rxe8 18. Kg1 Be2 19. Bxe2 Rxe2 20.
Qg3 Qxd4+ 21. Kf1 Re3 22. Qxe3 Qxe3 23. dxc6 Qd3+ 24. Ke1 b5 25. Nf3 h6 26. Bd2
Kh7 27. Rc1 g5 28. Rc3 Qb1+ 29. Kf2 Qxb2 30. Rd3 Qc2 31. Rd7+ Kg6 32. Ke2 Kf6
33. Nd4 Qxa2 34. Rxc7 Qc4+ 35. Ke3 b4 36. Rb7 a5 37. c7 Ke5 38. Rb5+ Kd6 39.
Rxf5 Kxc7 40. Rxa5 Qf1 41. Bxb4 Qxg2 42. Rc5+ Kd7 43. Nf3 g4 44. Ne5+ Ke6 45.
Nd3 Qxh2 46. Rc6+ Kf7 47. Bd6 Qg1+ 48. Kd2 Qg2+ 49. Ke3 Qg1+ 50. Ke4 Qh1+ 51.
Kf5 Qf3+ 52. Bf4 Qxd3+ 53. Ke5 Qb5+ 54. Kd6 Qb4+ 55. Ke5 Qb8+ 56. Ke4 Qb7 57.
Kd5 h5 58. Kc5 Qe7+ 59. Bd6 Qa7+ 60. Kd5 Qa2+ 61. Rc4 h4 62. Kc5 Qf2+ 63. Kd5
Qf3+ 64. Kc5 Ke6 65. Bc7 h3 66. Kb4 g3 67. Rc3 Qe4+ 0-1

[Event "5th European Individual Chess "]
[Site "Justiniano Hotel Belek, Turke"]
[Date "2004.05.18"]
[Round "4.11"]
[White "Radulski, Julian"]
[Black "Anastasian, Ashot"]
[Result "0-1"]
[WhiteElo "2497"]
[BlackElo "2587"]
[PlyCount "108"]
[EventDate "2004.??.??"]

1. e4 c6 2. d4 d5 3. Nc3 dxe4 4. Nxe4 Bf5 5. Ng3 Bg6 6. Bc4 e6 7. N1e2 Bd6 8.
Nf4 Nf6 9. O-O Qc7 10. Qf3 O-O 11. Nxg6 hxg6 12. Bg5 Nbd7 13. Rad1 Nd5 14. Bb3
b5 15. Rfe1 N7f6 16. Ne4 Bxh2+ 17. Kf1 Nxe4 18. Rxe4 Bd6 19. g3 f6 20. Bc1 Rae8
21. Kg2 Kf7 22. Rh1 Rh8 23. Reh4 Rxh4 24. Rxh4 Qd7 25. c3 Qc8 26. Bc2 Rh8 27.
Rxh8 Qxh8 28. b3 Qh5 29. c4 Qxf3+ 30. Kxf3 Nb4 31. Bb1 bxc4 32. bxc4 c5 33. Be3
Na6 34. Be4 cxd4 35. Bxd4 Bc5 36. Bb7 Bxd4 37. Bxa6 f5 38. Ke2 Kf6 39. f3 Be5
40. g4 Bd6 41. Bc8 e5 42. Bd7 Bc5 43. a4 a5 44. Bc8 Kg5 45. Bd7 Kf4 46. Be6 e4
47. fxe4 Kxe4 48. Bf7 Kf4 49. Bxg6 Kxg4 50. Be8 g5 51. Bd7 Kf4 52. Be8 g4 53.
Kf1 Kg5 54. Kg2 f4 0-1

[Event "5th European Individual Chess "]
[Site "Justiniano Hotel Belek, Turke"]
[Date "2004.05.18"]
[Round "4.17"]
[White "Asrian, Karen"]
[Black "Nedev, Trajce"]
[Result "1-0"]
[WhiteElo "2605"]
[BlackElo "2489"]
[PlyCount "95"]
[EventDate "2004.??.??"]

1. e4 c5 2. Nf3 Nc6 3. d4 cxd4 4. Nxd4 Nf6 5. Nc3 e5 6. Ndb5 d6 7. Bg5 a6 8.
Na3 b5 9. Nd5 Be7 10. Nxe7 Nxe7 11. Bxf6 gxf6 12. c4 Qa5+ 13. Qd2 Qxd2+ 14.
Kxd2 b4 15. Nc2 Rb8 16. Bd3 f5 17. exf5 Bxf5 18. Bxf5 Nxf5 19. b3 Rg8 20. g3
Ke7 21. Rhd1 Rgc8 22. a3 bxa3 23. Kc3 a5 24. Rxa3 Rc5 25. g4 Ng7 26. Ne3 Kd7
27. Rd5 Ra8 28. Kd2 Rb8 29. Rxc5 dxc5 30. Rxa5 Rxb3 31. Rxc5 Rb2+ 32. Ke1 Rb1+
33. Ke2 f6 34. Nd5 Kd6 35. Ra5 f5 36. Ra7 Ne6 37. Ra6+ Kd7 38. gxf5 Nd4+ 39.
Kd3 Nxf5 40. c5 Nd4 41. Rd6+ Kc8 42. Ke4 Re1+ 43. Ne3 Nc2 44. Rh6 Re2 45. Rxh7
Rxf2 46. Nd5 Na3 47. c6 Rc2 48. Rh8# 1-0

[Event "5th European Individual Chess "]
[Site "Justiniano Hotel Belek, Turke"]
[Date "2004.05.18"]
[Round "4.20"]
[White "Cheparinov , I."]
[Black "Erdogdu , M."]
[Result "1-0"]
[WhiteElo "2555"]
[BlackElo "2369"]
[PlyCount "73"]
[EventDate "2004.??.??"]

1. e4 e5 2. Nf3 Nc6 3. Bb5 a6 4. Ba4 Nf6 5. O-O Nxe4 6. d4 b5 7. Bb3 d5 8. dxe5
Be6 9. Nbd2 Nc5 10. c3 Be7 11. Bc2 Bg4 12. Re1 Qd7 13. Nf1 Rd8 14. Ne3 Bh5 15.
b4 Ne6 16. g4 Bg6 17. Nf5 O-O 18. a4 Rfe8 19. axb5 axb5 20. Bd3 Rb8 21. Qe2
Ncd8 22. Ra5 c6 23. Be3 Bf8 24. h3 Qc7 25. Rea1 Rb7 26. Ra8 f6 27. exf6 Nf4 28.
Qd2 Nde6 29. Ne7+ Bxe7 30. Bxg6 Nxh3+ 31. Kf1 Rxa8 32. Rxa8+ Bd8 33. Bf5 Kf7
34. Bxe6+ Kxe6 35. Kg2 g5 36. Kxh3 h5 37. Nxg5+ 1-0

[Event "5th European Individual Chess "]
[Site "Justiniano Hotel Belek, Turke"]
[Date "2004.05.18"]
[Round "4.21"]
[White "Neubauer, Martin"]
[Black "Chatalbashev, Boris"]
[Result "1/2-1/2"]
[WhiteElo "2418"]
[BlackElo "2543"]
[PlyCount "91"]
[EventDate "2004.??.??"]

1. e4 g6 2. d4 Bg7 3. Nf3 d6 4. Nc3 Nf6 5. Be3 O-O 6. Qd2 Bg4 7. Be2 Nc6 8. O-O
e5 9. dxe5 dxe5 10. Rad1 Qe7 11. Bg5 Bxf3 12. Bxf3 Nd4 13. Be2 c6 14. f3 Rad8
15. Bd3 Ne6 16. Be3 b5 17. Qf2 a6 18. a4 Nh5 19. axb5 axb5 20. Rfe1 Bf6 21. g3
Bg5 22. Ne2 Bxe3 23. Qxe3 Nhg7 24. c3 h5 25. b4 h4 26. Bc2 Nh5 27. Bb3 Kg7 28.
Bxe6 Qxe6 29. Qg5 Rxd1 30. Rxd1 hxg3 31. hxg3 Nf6 32. g4 Nh7 33. Qh4 Ra8 34.
Kf2 f6 35. f4 Ra2 36. Rh1 Nf8 37. f5 Qg8 38. Qh6+ Kf7 39. Rd1 gxf5 40. Qh5+ Qg6
41. exf5 Qxh5 42. gxh5 Kg7 43. Rd6 Nh7 44. Rxc6 Kh6 45. Rb6 Kxh5 46. Rxb5
1/2-1/2

[Event "5th European Individual Chess "]
[Site "Justiniano Hotel Belek, Turke"]
[Date "2004.05.18"]
[Round "4.22"]
[White "Iljushin, Alexei"]
[Black "Grunberg, Mihai-Lucian"]
[Result "1/2-1/2"]
[WhiteElo "2529"]
[BlackElo "2401"]
[PlyCount "37"]
[EventDate "2004.??.??"]

1. d4 f5 2. g3 Nf6 3. Bg2 g6 4. Nf3 Bg7 5. O-O O-O 6. Nbd2 c6 7. c4 d5 8. Ne5
Nbd7 9. Ndf3 Nxe5 10. Nxe5 Nd7 11. Nxd7 Bxd7 12. Bf4 Re8 13. Qd2 Be6 14. h4 Bf7
15. Bf3 e5 16. dxe5 Bxe5 17. Bxe5 Rxe5 18. Bg2 Qf6 19. Rad1 1/2-1/2

[Event "5th European Individual Chess "]
[Site "Justiniano Hotel Belek, Turke"]
[Date "2004.05.18"]
[Round "4.24"]
[White "Petrosian, Tigran L"]
[Black "Yilmaz, Turhan"]
[Result "1-0"]
[WhiteElo "2539"]
[BlackElo "2311"]
[PlyCount "109"]
[EventDate "2004.??.??"]

1. e4 e6 2. d4 d5 3. Nc3 Nf6 4. Bg5 Bb4 5. e5 h6 6. Bd2 Bxc3 7. bxc3 Ne4 8. Qg4
g6 9. Bd3 Nxd2 10. Kxd2 c5 11. Nf3 c4 12. Be2 Bd7 13. h4 Bc6 14. Nh2 Nd7 15. h5
g5 16. f4 Qe7 17. fxg5 hxg5 18. Nf3 f6 19. Rae1 O-O-O 20. Bd1 Rde8 21. Qg3 Reg8
22. exf6 Nxf6 23. Ne5 g4 24. h6 Ne4+ 25. Rxe4 dxe4 26. Bxg4 Bd5 27. Qf4 Rh7 28.
Rf1 e3+ 29. Qxe3 Bxg2 30. Nc6 bxc6 31. Bxe6+ Kd8 32. Rb1 Re8 33. Rb8+ Kc7 34.
Qe5+ Qd6 35. Rxe8 Qxe5 36. dxe5 Rxh6 37. Bxc4 Kb6 38. Bd3 Bh3 39. Ke3 Be6 40.
a3 Kc5 41. Kf4 Bd5 42. Re7 a5 43. Ra7 a4 44. Rh7 Re6 45. c4 Bxc4 46. Bxc4 Kxc4
47. Kf5 Re8 48. Rh4+ Kd5 49. c4+ Kc5 50. Re4 Rf8+ 51. Kg6 Rg8+ 52. Kf7 Rh8 53.
e6 Kd6 54. e7 Rh7+ 55. Kf6 1-0

[Event "5th European Individual Chess "]
[Site "Justiniano Hotel Belek, Turke"]
[Date "2004.05.18"]
[Round "4.26"]
[White "Drabke, Lorenz"]
[Black "Kose, Serkan"]
[Result "1-0"]
[WhiteElo "2453"]
[BlackElo "2244"]
[PlyCount "67"]
[EventDate "2004.??.??"]

1. e4 e6 2. d3 d5 3. Nd2 c5 4. Ngf3 Nf6 5. g3 Be7 6. Bg2 O-O 7. O-O b6 8. e5
Nfd7 9. Re1 Nc6 10. Nf1 Bb7 11. h4 Qc7 12. Bf4 Rae8 13. N1h2 Qc8 14. Bh3 d4 15.
Ng5 Nb4 16. a3 Nd5 17. Qh5 Bxg5 18. hxg5 Nxf4 19. gxf4 Qc6 20. Re4 f5 21. exf6
gxf6 22. g6 hxg6 23. Qxg6+ Kh8 24. Qh6+ Kg8 25. Qg6+ Kh8 26. f5 Qxe4 27. Qh6+
Kg8 28. dxe4 Re7 29. fxe6 Ne5 30. Bf5 Rfe8 31. Qxf6 Nc6 32. Kh1 Rg7 33. Rg1
Ree7 34. Ng4 1-0